[Event "LSS No Engine Cup 76 Preliminary 2"]
[Site "LSS email"]
[Date "2012.11.08"]
[Round "?"]
[White "Verich, Oleg"]
[Black "Filler, Karl Heinz"]
[Result "0-1"]
[WhiteElo "1080"]
[BlackElo "1157"]
[PlyCount "60"]
[EventDate "2012.11.09"]
[EventType "tourn (corr)"]
[EventRounds "6"]
[EventCountry "GER"]
[SourceTitle "Telechess CBM 159"]
[Source "ChessBase"]
[SourceDate "2014.03.17"]
[SourceVersion "1"]
[SourceVersionDate "2014.03.17"]
[SourceQuality "1"]

1. Nf3 d5 2. g3 Nf6 3. Bg2 c5 4. 0-0 g6 5. d4 e6 6. c3 Nc6 7. Bg5 Be7 8. Bh6 Ng4 9. Qd2 cxd4 10. Nxd4 Nxh6 11. Qxh6 Nxd4 12. cxd4 Bg5 13. Qg7 Ke7 14. f4 Bf6 15. Qh6 Qb6 16. e3 Qxb2 17. Nc3 Qxc3 18. Rfe1 Bd7 19. Rac1 Qa3 20. Rc7 Qa5 21. Rec1 Rac8 22. Rxc8 Rxc8 23. Rxc8 Bxc8 24. Qxh7 Qxa2 25. h4 Qe2 26. Qg8 Bd7 27. Qb8 Qxe3+ 28. Kh2 Bxd4 29. Qxb7 e5 30. fxe5 Qg1# 0-1

[Event "LSS No Engine Cup 74 Preliminary 4"]
[Site "LSS email"]
[Date "2012.10.09"]
[Round "?"]
[White "Filler, Karl Heinz"]
[Black "Gomez, Pedro"]
[Result "1-0"]
[WhiteElo "1157"]
[BlackElo "611"]
[PlyCount "51"]
[EventDate "2012.10.10"]
[EventType "tourn (corr)"]
[EventRounds "6"]
[EventCountry "GER"]
[SourceTitle "Telechess CBM 159"]
[Source "ChessBase"]
[SourceDate "2014.03.17"]
[SourceVersion "1"]
[SourceVersionDate "2014.03.17"]
[SourceQuality "1"]

1. Nf3 Nf6 2. g3 d5 3. Bg2 c6 4. d4 h6 5. 0-0 Bg4 6. b3 Nbd7 7. Nc3 e6 8. h3 Bh5 9. Re1 c5 10. dxc5 Bxc5 11. e3 0-0 12. g4 Bg6 13. Bb2 a6 14. Na4 Rc8 15. Nxc5 Rxc5 16. Ba3 Bxc2 17. Qd2 Ne4 18. Qd4 e5 19. Nxe5 Re8 20. Bxc5 Nxe5 21. Qb2 Bd3 22. Bd4 f6 23. Red1 Be2 24. Qxe2 Qd7 25. Bxe4 dxe4 26. Bxe5 1-0

[Event "CP-2012-P-00019"]
[Site "LSS email"]
[Date "2012.10.01"]
[Round "?"]
[White "Klimakovs, Sergejs"]
[Black "Filler, Karl Heinz"]
[Result "1-0"]
[WhiteElo "2194"]
[BlackElo "1382"]
[PlyCount "21"]
[EventDate "2012.10.05"]
[EventType "tourn (corr)"]
[EventRounds "6"]
[EventCountry "GER"]
[SourceTitle "Corr 2022"]
[Source "ChessBase"]
[SourceDate "2021.10.24"]
[SourceVersion "1"]
[SourceVersionDate "2021.10.24"]
[SourceQuality "1"]

1. e4 c5 2. Nf3 Nc6 3. d4 cxd4 4. Nxd4 e5 5. Nb5 d6 6. N1c3 Nf6 7. Bg5 Be7 8. Bxf6 Bxf6 9. Qxd6 a6 10. Nc7+ Qxc7 11. Qxc7 1-0

[Event "OP-2012-0-02386"]
[Site "LSS email"]
[Date "2012.09.03"]
[Round "?"]
[White "Ausan, Leo Tito Jr"]
[Black "Filler, Karl Heinz"]
[Result "1-0"]
[WhiteElo "1151"]
[BlackElo "1130"]
[PlyCount "81"]
[EventDate "2012.08.31"]
[EventType "tourn (corr)"]
[EventRounds "4"]
[EventCountry "GER"]
[SourceTitle "Telechess CBM 165"]
[Source "ChessBase"]
[SourceDate "2015.03.11"]
[SourceVersion "1"]
[SourceVersionDate "2015.03.11"]
[SourceQuality "1"]

1. e4 c5 2. Nf3 Nc6 3. Bb5 a6 4. Bxc6 dxc6 5. 0-0 Nf6 6. Nc3 g6 7. d3 Bg7 8. Be3 b6 9. a4 0-0 10. a5 Rb8 11. axb6 Qxb6 12. Na4 Qc7 13. Bxc5 Nd7 14. Bd4 Bxd4 15. Nxd4 c5 16. Nf3 Ne5 17. Nxe5 Qxe5 18. c3 Rd8 19. Qe2 a5 20. f4 Qh5 21. Qxh5 gxh5 22. Nxc5 Rxb2 23. Rxa5 Bg4 24. d4 Rc2 25. Ra3 Rb8 26. Nd3 Rc8 27. Nc5 Rd2 28. h3 Rb8 29. Na4 Ra8 30. hxg4 hxg4 31. Rfa1 Rb8 32. Kh2 f6 33. Kg3 h5 34. Rh1 Rd3+ 35. Kh4 e5 36. fxe5 fxe5 37. d5 Ra8 38. Rha1 Re3 39. Nc5 Rc8 40. Ra8 Rxa8 41. Rxa8+ 1-0

[Event "OP-2012-0-02386"]
[Site "LSS email"]
[Date "2012.09.03"]
[Round "?"]
[White "Filler, Karl Heinz"]
[Black "Vontina, Maria"]
[Result "1-0"]
[WhiteElo "1130"]
[BlackElo "821"]
[PlyCount "81"]
[EventDate "2012.08.31"]
[EventType "tourn (corr)"]
[EventRounds "4"]
[EventCountry "GER"]
[SourceTitle "Telechess CBM 165"]
[Source "ChessBase"]
[SourceDate "2015.03.11"]
[SourceVersion "1"]
[SourceVersionDate "2015.03.11"]
[SourceQuality "1"]

1. Nf3 Nf6 2. g3 g6 3. Bg2 Bg7 4. c4 c6 5. Nc3 0-0 6. d4 d5 7. c5 Bg4 8. 0-0 Nbd7 9. Bf4 Nh5 10. Bg5 Re8 11. Qd2 Nf8 12. a3 Ne6 13. Be3 Nf6 14. Ne5 Bf5 15. f3 Nc7 16. Bh6 Bh8 17. b4 a6 18. e4 Be6 19. Be3 Bg7 20. h4 h5 21. Na4 Rb8 22. Rad1 Kf8 23. Bh6 Kg8 24. Bxg7 Kxg7 25. Qe3 Rh8 26. Nc3 Ra8 27. a4 Rf8 28. Qe2 Qc8 29. Qe3 Bh3 30. Bxh3 Qxh3 31. Ne2 dxe4 32. fxe4 Ng4 33. Nxg4 Qxg4 34. d5 cxd5 35. exd5 Rab8 36. Nf4 Rbd8 37. d6 exd6 38. cxd6 Ne6 39. Nd5 Kh8 40. Qh6+ Kg8 41. Nf6# 1-0

[Event "LSS No Engine Cup 71 Preliminary 3"]
[Site "LSS email"]
[Date "2012.08.27"]
[Round "?"]
[White "Mishta, Sergej"]
[Black "Filler, Karl Heinz"]
[Result "1-0"]
[WhiteElo "1747"]
[BlackElo "1128"]
[PlyCount "55"]
[EventDate "2012.08.28"]
[EventType "tourn (corr)"]
[EventRounds "6"]
[EventCountry "GER"]
[SourceTitle "Telechess CBM 165"]
[Source "ChessBase"]
[SourceDate "2015.03.11"]
[SourceVersion "1"]
[SourceVersionDate "2015.03.11"]
[SourceQuality "1"]

1. b3 e5 2. Bb2 Nc6 3. e3 Nf6 4. c4 b6 5. Nc3 Bb7 6. Nf3 d6 7. d4 Be7 8. d5 Nb8 9. e4 0-0 10. Bd3 c6 11. 0-0 Na6 12. a3 Nc5 13. Bc2 cxd5 14. exd5 g6 15. Re1 Nfd7 16. b4 Na6 17. Rc1 Rc8 18. Qd3 Bf6 19. Ne4 Be7 20. Ba4 f5 21. Nxd6 Bxd6 22. Bxd7 Qxd7 23. Nxe5 Bxe5 24. Rxe5 Nc7 25. Rce1 Rce8 26. Qd4 a5 27. Rxe8 Rxe8 28. Qh8+ 1-0

[Event "OP-2012-0-02361"]
[Site "LSS email"]
[Date "2012.08.17"]
[Round "?"]
[White "Pauk, Jozef"]
[Black "Filler, Karl Heinz"]
[Result "0-1"]
[WhiteElo "932"]
[BlackElo "1127"]
[PlyCount "59"]
[EventDate "2012.08.14"]
[EventType "tourn (corr)"]
[EventRounds "4"]
[EventCountry "GER"]
[SourceTitle "Telechess CBM 153"]
[Source "ChessBase"]
[SourceDate "2013.03.14"]
[SourceVersion "1"]
[SourceVersionDate "2013.03.14"]
[SourceQuality "1"]

1. g3 d5 2. Bg2 Nf6 3. d4 g6 4. Bg5 Bg7 5. Bxf6 Bxf6 6. c3 Nc6 7. Bxd5 Qxd5 8. f3 e5 9. e4 Qb5 10. b3 exd4 11. a4 Qh5 12. h4 dxc3 13. Ra2 Be6 14. Qc2 0-0 15. Nxc3 Nd4 16. Qg2 Qa5 17. Qb2 Nxf3+ 18. Kf2 Bg4 19. Nxf3 Qc5+ 20. Kg2 Bxc3 21. Qc1 Qb4 22. Rc2 Qxe4 23. Rf1 Bd4 24. Qd2 c5 25. Qe2 Qf5 26. Kh2 Rfe8 27. Qg2 Bh3 28. Nxd4 Qxf1 29. Qxh3 Qxh3+ 30. Kxh3 0-1

[Event "OP-2012-0-02297"]
[Site "LSS email"]
[Date "2012.07.14"]
[Round "?"]
[White "Filler, Karl Heinz"]
[Black "Kokkala, Janne"]
[Result "0-1"]
[WhiteElo "1127"]
[BlackElo "1853"]
[PlyCount "42"]
[EventDate "2012.07.11"]
[EventType "tourn (corr)"]
[EventRounds "4"]
[EventCountry "GER"]
[SourceTitle "Telechess CBM 153"]
[Source "ChessBase"]
[SourceDate "2013.03.14"]
[SourceVersion "1"]
[SourceVersionDate "2013.03.14"]
[SourceQuality "1"]

1. d4 d5 2. c4 c6 3. Nf3 Nf6 4. e3 Bg4 5. h3 Bxf3 6. Qxf3 e6 7. Nc3 Nbd7 8. c5 g6 9. Bd3 Bg7 10. 0-0 0-0 11. b4 e5 12. Bc2 Nh5 13. g4 exd4 14. exd4 Bxd4 15. Bb2 Ne5 16. Qg2 Nf4 17. Qg3 Bxc3 18. Qxf4 Bxb2 19. Rab1 Nc4 20. Bb3 Be5 21. Qf3 Nd2 0-1

[Event "OP-2012-0-02279"]
[Site "LSS email"]
[Date "2012.07.02"]
[Round "?"]
[White "Filler, Karl Heinz"]
[Black "Cvak, Rudolf"]
[Result "0-1"]
[WhiteElo "1127"]
[BlackElo "1914"]
[PlyCount "50"]
[EventDate "2012.06.29"]
[EventType "tourn (corr)"]
[EventRounds "4"]
[EventCountry "GER"]
[SourceTitle "Telechess CBM 153"]
[Source "ChessBase"]
[SourceDate "2013.03.14"]
[SourceVersion "1"]
[SourceVersionDate "2013.03.14"]
[SourceQuality "1"]

1. d4 f5 2. c4 Nf6 3. Nc3 e6 4. e3 d5 5. Nf3 c6 6. Bd3 Bd6 7. c5 Bc7 8. 0-0 0-0 9. b4 Ne4 10. Ne2 a5 11. Bd2 Nxd2 12. Qxd2 axb4 13. Qxb4 Nd7 14. Nf4 Qe7 15. g3 b6 16. Rfc1 bxc5 17. dxc5 e5 18. Bb5 Rb8 19. a4 exf4 20. exf4 cxb5 21. Nd4 bxa4 22. Qxa4 Nxc5 23. Rxc5 Qxc5 24. Rd1 Rb2 25. Qc6 Qc4 0-1

[Event "OP-2012-0-02279"]
[Site "LSS email"]
[Date "2012.07.02"]
[Round "?"]
[White "Filler, Karl Heinz"]
[Black "Vontina, Maria"]
[Result "1-0"]
[WhiteElo "1127"]
[BlackElo "810"]
[PlyCount "51"]
[EventDate "2012.06.29"]
[EventType "tourn (corr)"]
[EventRounds "4"]
[EventCountry "GER"]
[SourceTitle "Telechess CBM 153"]
[Source "ChessBase"]
[SourceDate "2013.03.14"]
[SourceVersion "1"]
[SourceVersionDate "2013.03.14"]
[SourceQuality "1"]

1. d4 Nf6 2. c4 g6 3. Nc3 Bg7 4. e4 d6 5. Nf3 Bg4 6. Be2 0-0 7. 0-0 Nc6 8. Be3 a6 9. d5 Nb8 10. Ne1 Bxe2 11. Qxe2 Re8 12. Nd3 e5 13. f3 Rf8 14. b4 Ne8 15. c5 f5 16. f4 exf4 17. Nxf4 Qe7 18. Qd2 fxe4 19. Ne6 Rxf1+ 20. Rxf1 Nf6 21. Nxg7 Kxg7 22. cxd6 cxd6 23. Rxf6 Nd7 24. Re6 Qf8 25. Bh6+ Kg8 26. Bxf8 1-0

[Event "OP-2012-0-02279"]
[Site "LSS email"]
[Date "2012.07.02"]
[Round "?"]
[White "Fonteboa Seller, Manuel"]
[Black "Filler, Karl Heinz"]
[Result "0-1"]
[WhiteElo "800"]
[BlackElo "1145"]
[PlyCount "34"]
[EventDate "2012.06.29"]
[EventType "tourn (corr)"]
[EventRounds "4"]
[EventCountry "GER"]
[SourceTitle "Corr 2015"]
[Source "ChessBase"]
[SourceDate "2015.07.17"]
[SourceVersion "1"]
[SourceVersionDate "2015.07.17"]
[SourceQuality "1"]

1. d4 Nf6 2. c4 g6 3. Nc3 Bg7 4. e4 d6 5. Nf3 0-0 6. Be2 Nc6 7. 0-0 e5 8. d5 Ne7 9. b4 b6 10. a4 a5 11. bxa5 bxa5 12. c5 dxc5 13. Nxe5 Nxe4 14. Nxe4 Bxe5 15. Bh6 Re8 16. Re1 Nxd5 17. Rc1 Bf5 0-1

[Event "OP-2012-0-02254"]
[Site "LSS email"]
[Date "2012.06.18"]
[Round "?"]
[White "Filler, Karl Heinz"]
[Black "Vontina, Maria"]
[Result "1-0"]
[WhiteElo "1127"]
[BlackElo "810"]
[PlyCount "41"]
[EventDate "2012.06.15"]
[EventType "tourn (corr)"]
[EventRounds "4"]
[EventCountry "GER"]
[SourceTitle "Telechess CBM 153"]
[Source "ChessBase"]
[SourceDate "2013.03.14"]
[SourceVersion "1"]
[SourceVersionDate "2013.03.14"]
[SourceQuality "1"]

1. Nf3 Nf6 2. g3 g6 3. c4 Bg7 4. Nc3 d6 5. d4 0-0 6. Bg2 a6 7. 0-0 Nc6 8. e4 Re8 9. d5 Nb8 10. Re1 e5 11. a3 Rf8 12. Be3 Ne8 13. Qd2 f5 14. Ng5 fxe4 15. Bxe4 Nf6 16. Ne6 Bxe6 17. dxe6 Nc6 18. Bg2 Qe7 19. Bh3 Nd8 20. Nd5 Rc8 21. Nxe7+ 1-0

[Event "OP-2012-0-02245"]
[Site "LSS email"]
[Date "2012.06.13"]
[Round "?"]
[White "Filler, Karl Heinz"]
[Black "Willmann, Bernd"]
[Result "1/2-1/2"]
[WhiteElo "800"]
[BlackElo "1509"]
[PlyCount "61"]
[EventDate "2012.06.10"]
[EventType "tourn (corr)"]
[EventRounds "4"]
[EventCountry "GER"]
[SourceTitle "Telechess CBM 155"]
[Source "ChessBase"]
[SourceDate "2013.07.16"]
[SourceVersion "1"]
[SourceVersionDate "2013.07.16"]
[SourceQuality "1"]

1. e4 c5 2. Nf3 Nc6 3. d4 cxd4 4. Nxd4 Nf6 5. Nc3 e5 6. Nb3 Bb4 7. Bd2 0-0 8. Bd3 d5 9. exd5 Nxd5 10. 0-0 Nxc3 11. bxc3 Bd6 12. f4 Re8 13. Qf3 Be6 14. Rae1 exf4 15. Bxf4 g6 16. Bxd6 Qxd6 17. Qf6 Qc7 18. c4 Qe7 19. Qf2 b6 20. c5 Qc7 21. Bb5 Re7 22. Qh4 Rae8 23. a4 Bd5 24. Rxe7 Rxe7 25. c4 Be4 26. Re1 Bc2 27. cxb6 Rxe1+ 28. Qxe1 axb6 29. Qc3 Bxb3 30. Qxb3 Nd4 31. Qd3 1/2-1/2